MARC

LEADER 00000nas a2200000 a 4500
001 ssj0000465066
003 WaSeSS
005 20200512172242.0
006 m d
007 cr n
008 000224c20009999njumr p s 0 a0eng c
010 |a  00233866  
022 |l 1551-2894  |y 1551-2894 
035 |a (WaSeSS)ssj0000465066 
037 |b Wicks Business Information, 170 Avenue at the Common, Shrewsbury, NJ 07702 
040 |a BHP  |b eng  |c BHP  |d GUA  |d CLE  |d LYU  |d HUL  |d IUL  |d DLC  |d NSD  |d IUL  |d OCLCQ  |d OCLCF  |d OCLCO  |d WaSeSS 
042 |a pcc  |a nsdp 
043 |a n-us--- 
050 0 0 |a HG4501  |b .D63 
082 1 0 |a 332  |2 13 
130 0 |a Investment advisor (Shrewsbury, N.J. : 2000) 
222 0 |a Investment advisor  |b (Shrewsbury, N.J. 2000) 
245 1 0 |a Investment advisor  |h [electronic resource]. 
246 1 8 |a Dow Jones investment advisor  |f <-June 2001> 
260 |a Shrewsbury, NJ :  |b Wicks Business Information,  |c c2000- 
310 |a Monthly,  |b <2002-> 
321 |a Monthly (except semimonthly in Dec.) 
362 0 |a Vol. 20, no. 2 (Feb. 2000)- 
500 |a Published by: Investment Advisor, <Sept. 2001-> 
500 |a Title from cover. 
506 |a License restrictions may limit access. 
580 |a Merger of: Dow Jones investment advisor, and: Dow Jones asset management. 
588 |a Latest issue consulted: Vol. 21, no. 12 (Dec. 2001). 
650 0 |a Investments  |z United States  |v Periodicals. 
650 0 |a Investment advisors  |z United States  |v Periodicals. 
650 7 |a Investment advisors.  |2 fast  |0 (OCoLC)fst00978168 
650 7 |a Investments.  |2 fast  |0 (OCoLC)fst00978234 
651 7 |a United States.  |2 fast  |0 (OCoLC)fst01204155 
655 0 |a Electronic journals. 
780 1 4 |t Dow Jones investment advisor  |x 1551-2967  |w (DLC) 97642073  |w (OCoLC)34036138 
780 1 4 |t Dow Jones asset management  |x 1520-779X  |w (DLC) 98642229  |w (OCoLC)38373514 
850 |a DLC 
853 2 0 |8 1  |a v.  |b no.  |u 13  |v r  |i (year)  |j (month)  |w m  |x 01  |y ps12 
856 4 0 |z Full text available from Research Library: 09/01/2010 to 03/31/2018  |u https://search.proquest.com/publication/46918 
863 4 1 |8 1.1  |a 20  |b 2  |i 2000  |j 02